[Event "GER-ch 76th"]
[Site "Altenkirchen"]
[Date "2005.02.26"]
[Round "9"]
[White "Jussupow, Artur"]
[Black "Meister, Jakob"]
[Result "1-0"]
[WhiteElo "2582"]
[BlackElo "2519"]
[Annotator "Huzman,A"]
[PlyCount "82"]
[EventDate "2005.02.18"]
[EventType "swiss"]
[EventRounds "9"]
[EventCountry "GER"]
[SourceTitle "CBM 106"]
[Source "ChessBase"]
[SourceDate "2005.06.06"]
[SourceVersion "1"]
[SourceVersionDate "2005.06.06"]
[SourceQuality "1"]

{[%mdl 2]} 1. d4 d5 2. c4 dxc4 3. e3 Nf6 4. Bxc4 e6 5. Nf3 c5 6. O-O a6 7. a4
cxd4 8. exd4 Be7 9. Nc3 Nc6 10. Bg5 O-O 11. Qd2 Nb4 (11... Bd7 12. Rad1 Rc8 13.
Qe2 Qc7 14. d5 $16 {1-0 Ujtelky,M-Fichtl,J/Bratislava 1959/MCD (26)}) (11...
Nd5 12. Bxe7 (12. Nxd5 exd5 13. Bxe7 Nxe7 14. Bd3 Bf5 15. Rfe1 Bxd3 16. Qxd3
Nc6 $11 {1/2-1/2 Novik,M-Karjakin,S/FIDE.com 2002/EXT 2003 (24)}) 12... Ncxe7
13. Rfc1 Bd7 14. Ne5 Rc8 15. Bf1 Nxc3 16. Rxc3 Rxc3 17. bxc3 {1/2-1/2 Ujtelky,
M-Kozma,J/Stary Smokovec 1969/MCD (17)}) (11... Qa5 12. Rfd1 Rd8 13. Qe2 h6 14.
Bh4 g5 15. Bg3 g4 16. Ne5 Nxd4 17. Qe3 Nf5 18. Qf4 $44 {1-0 Amura,C-Munoz
Pantoja,M/Mar del Plata 1970/EXT 99 (41)}) (11... b6 12. d5 (12. Rad1 Bb7 (
12... Na5 13. Ba2 Bb7 14. Ne5 Nc6 15. Rfe1 Qc7 16. Qe2 Rad8 17. Nxf7 Rxf7 18.
Qxe6 $16 {1/2-1/2 Severiukhina,Z-Traistaru,T/Heraklio GRE 2004/(38)}) 13. Rfe1
(13. Ne5 Nb4 14. f4 Ne4 15. Nxe4 Bxe4 16. Rde1 Bd5 17. Bxd5 (17. Bxe7 $142)
17... Nxd5 18. Nc6 Qd6 19. Nxe7+ Nxe7 20. Bxe7 Qxe7 21. f5 Qd6 22. f6 $36 {
1/2-1/2 Zvjaginsev,V-Benjamin,J/Groningen 1997/CBM 63/[Huzman] (29)}) 13... Nb4
14. Ne5 Nfd5 15. Bxe7 Qxe7 16. f4 g6 17. Ne4 Rac8 18. Bb3 a5 19. Qf2 Rc7 20.
Qg3 Nf6 21. Ng5 Bd5 $11 {1/2-1/2 Ruether,R-Thanner,H/Lichtenfels 1994/EXT 2001
(73)}) (12. Rfd1 Nd5 13. Bxe7 Ncxe7 14. Bd3 h6 15. Qe2 Nf4 $2 16. Qe4 Nxd3 17.
Qxa8 Qc7 18. Qe4 Nxb2 19. Rdc1 Nc4 20. Qe2 Bb7 21. Ne5 $16 {1-0 Kulcsar,
M-Hoang,T/Budapest 1999/EXT 2004 (50)}) 12... Na5 13. Ba2 Nxd5 14. Nxd5 exd5
15. Qxd5 Be6 16. Qxd8 Bxd8 17. Bxe6 fxe6 18. Bxd8 Rfxd8 19. Rfe1 Rd6 20. Rac1
Nc6 21. Rc4 $14 {1-0 Sher,M-Shneider,A/Novi Sad 1988/EXT 97 (47)}) (11... Na5
12. Ba2 Qb6 13. Rad1 Bd7 14. Rfe1 Rad8 15. Qc2 (15. d5 $5) 15... Nc6 16. Bb1
Nb4 17. Qe2 Bc6 $11 {0-1 Eyheragaray,P-Schweber,S/Buenos Aires 1993/EXT 2000 
(31)}) (11... h6 12. Bxf6 Bxf6 13. Rad1 Qc7 14. Qe2 Rd8 15. d5 Na5 16. dxe6
Nxc4 17. Rxd8+ Bxd8 18. Nd5 Qc5 19. e7 Bxe7 20. Nxe7+ Kf8 21. Nxc8 Rxc8 $11 {
1-0 Derieux,C-De San Mateo,F/Paris 1993/TD (28)}) (11... Qc7 12. Rfd1 Rd8 13.
Qe2 Nb4 14. Rac1 Nfd5 $4 15. Nxd5 exd5 16. Qxe7 Qa5 17. Qxd8+ {1-0 Niksic,
J-Oliger,M/Edmondton 2000/EXT 2002 (17)}) 12. Ne5 (12. Rac1 b6 13. Rfd1 Bb7 14.
Qe2 Nfd5 15. Ne4 Bxg5 16. Nexg5 h6 17. Ne4 Rc8 18. Ne5 Qe7 19. g3 Rc7 $11 {
1-0 Schulz,R-Raetsky,A/Berlin 1993/EXT 97 (41)}) (12. Rad1 Bd7 13. Ne5 Rc8 (
13... Bc6 14. Qe2 Nfd5 15. Bc1 Rc8 16. Bb3 Qb6 17. Ne4 Rfd8 18. Bg5 Be8 19.
Bxe7 Nxe7 20. Qg4 Nbd5 $15 {0-1 Matros,A-Turner,M/Birmingham 2002/CBM 84 ext 
(65)}) 14. Bb3 Bc6 15. f3 Bd5 16. Nxd5 Nfxd5 $11 {1/2-1/2 Krischak,
W-Schlingensiepen,C/Baunatal 1996/EXT 2001 (27)}) (12. Rfe1 Qc7 (12... Re8 13.
Rad1 b6 14. d5 Nbxd5 15. Nxd5 Nxd5 16. Bxd5 exd5 17. Bxe7 Rxe7 18. Rxe7 Qxe7
19. Re1 Be6 $15 {0-1 Topel,Z-Muhren,B/Calvia ESP 2004/(22)}) 13. Bb3 Rd8 14.
Rac1 Qd7 15. Red1 b6 16. Ne5 Qe8 17. Nc4 Nfd5 18. Ne4 Bb7 $11 {1/2-1/2
Burjanova,E-Fedoseeva,S/Kiev 2000/CBM 79 ext (30)}) 12... Bd7 13. Bxf6 $1 {
[%mdl 36] This is a very concrete move. White forces Black to exchange on e5.
After reaching the square d6 with his N White has a clear advantage.} Bxf6 (
13... gxf6 14. Nxd7 Qxd7 15. d5 Rac8 16. b3 $14) 14. Ne4 Bxe5 (14... Be7 15.
Nc5 Bxc5 16. dxc5 Nd5 17. b4 $16) 15. dxe5 Bc6 16. Nd6 $16 a5 17. Ra3 (17. f4
Bd5 18. Bxd5 Nxd5 19. Qd4 $5 $16 (19. f5 Qb6+ 20. Kh1 Qe3 $14)) 17... Qe7 18.
Rg3 (18. Qf4 $5 Kh8 19. Rd1 f6 20. Qh4 $16) 18... Kh8 (18... Bxa4 19. Qh6 f5
20. Qxe6+ $18) 19. f4 f5 (19... f6 $5 20. b3 fxe5 21. fxe5 Rxf1+ 22. Kxf1 Rf8+
23. Kg1 Bd5 $14) 20. b3 (20. Qd1 g6 21. Rh3 Rg8) 20... Rg8 21. Qf2 (21. Qe2 {
[%cal Ge2h5]} g6 (21... g5 22. Rxg5 Rxg5 23. fxg5 Rg8 24. h4 $16)) 21... g6 {
Black has organized defence strictly and it was difficult for White to find
the right plan.} 22. Rg5 Rg7 {[%mdl 256]} 23. Qh4 Bd5 24. Qh6 {[%cal Gh2h5]}
Bxc4 25. bxc4 Nd3 26. Rg3 Nc5 27. Rb1 Rd8 28. h4 Ne4 $4 ({The exchange
sacrifice would have finished Black's precise defence successfully.} 28... Rxd6
$1 29. exd6 Qxd6 30. h5 Qd4+ 31. Kh2 g5 $1 32. fxg5 (32. Rb5 Qxf4 33. Rxc5 Qh4+
34. Rh3 Qf4+ $11) 32... Qh4+ 33. Rh3 Qf4+ 34. Kg1 Qd4+ 35. Kh1 Ne4 36. Qxe6
Nf2+ 37. Kh2 Ng4+ $11) 29. Rxb7 Qxb7 (29... Rd7 30. Rxd7 Qxd7 31. Rxg6 $1 $18)
(29... Qf8 30. Rgb3 $18) 30. Nxb7 Rd1+ 31. Kh2 Nf2 32. Rg5 Rh1+ 33. Kg3 Ne4+
34. Kf3 Kg8 35. Nd6 Rf1+ 36. Ke2 Rxf4 37. Nxe4 Rxe4+ 38. Kf2 Rxc4 39. Rg3 Rxa4
40. Rc3 Ra2+ 41. Kg1 Kh8 1-0

[Event "GRE-ch"]
[Site "Athens"]
[Date "2004.12.08"]
[Round "5"]
[White "Banikas, Hristos"]
[Black "Moutousis, Konstantinos"]
[Result "1-0"]
[WhiteElo "2538"]
[BlackElo "2422"]
[Annotator "Huzman,A"]
[PlyCount "73"]
[EventDate "2004.12.04"]
[EventType "tourn"]
[EventRounds "9"]
[EventCountry "GRE"]
[EventCategory "10"]
[SourceTitle "CBM 105"]
[Source "ChessBase"]
[SourceDate "2005.04.11"]
[SourceVersion "1"]
[SourceVersionDate "2005.04.11"]
[SourceQuality "1"]

1. d4 d5 2. c4 dxc4 3. e3 Nf6 4. Bxc4 e6 5. Nf3 c5 6. O-O a6 7. Bb3 b5 8. a4 b4
9. Nbd2 Bb7 10. e4 Be7 11. e5 Nfd7 12. Nc4 O-O 13. Bc2 (13. Nd6 Bxd6 14. exd6
cxd4 15. Bg5 Bxf3 16. Qxf3 Qxg5 17. Qxa8 Nc5 18. Qf3 Nbd7 19. Rad1 Ne5 $11 {
1/2-1/2 Dreev,A-Ponomariov,R/Panormo 2001/CBM 84 ext (27)}) (13. Qe2 cxd4 14.
Nxd4 Nc5 15. Rd1 Nxb3 16. Nxb3 Nd7 17. Bf4 Bd5 18. Rac1 Rc8 19. Nd4 Bg5 20. Be3
Bxc4 21. Rxc4 Rxc4 22. Qxc4 Nxe5 23. Qxa6 Bxe3 24. fxe3 Ng4 $15 {.. 1/2-1/2
Khurtsidze,N-Korbut,E/Budva 2002/EXT 2003 (57)}) (13. Bf4 Nc6 (13... cxd4 14.
Nxd4 Nc5 15. Nd6 (15. Bc2 $5) 15... Bxd6 16. exd6 Qf6 17. Bg3 e5 18. Nf3 Bxf3
19. gxf3 Nxb3 20. Qxb3 Qxd6 $15 {1/2-1/2 Bensdorp,M-Levushkina,E/Dresden GER
2004/(82)}) 14. Bc2 Nxd4 15. Nxd4 cxd4 16. Qxd4 Qc7 17. Nd6 Bxd6 18. Qd3 g6 19.
exd6 Qc6 20. f3 Qc5+ 21. Be3 $14 {0-1 Sasikiran,K-Ivanchuk,V/Skanderborg 2003/
CBM 98/[Huzman] (34)}) 13... cxd4 (13... Nc6 14. dxc5 $6 (14. Qd3 g6 15. Bh6
Re8 (15... cxd4 16. Bxf8 Bxf8 17. Rad1 Nc5 18. Qd2 b3 19. Bb1 Nxa4 $14 {
1-0 Samraoui,A-Polaczek,R/IECG 2001/Telechess CBM 95 (54)}) 16. dxc5 (16. Nd6
$142) 16... Nxc5 17. Qxd8 (17. Qe3 $5 Na5 $5 18. Nd6 $5 $44) 17... Raxd8 18. b3
f6 $1 19. exf6 Bxf6 20. Rad1 Nd4 $1 21. Nxd4 Bxd4 22. Bd2 Be4 $1 23. Bxe4 Nxe4
$15 {1/2-1/2 Illescas Cordoba,M-Karjakin,S/Dos Hermanas 2003/CBM 95/[Huzman] 
(42)}) 14... Nxc5 15. Nd6 b3 $1 16. Bb1 Qc7 17. Be3 $2 (17. Bf4 $142) 17...
Nxe5 18. Nxb7 $8 Nxf3+ 19. Qxf3 Qxb7 20. Qxb7 Nxb7 21. Be4 Rab8 $15 {[%cal
Yb7c5,Yb7d6] 0-1 Dreev,A-Ponomariov,R/Yerevan 2001/CBM 86/[Stohl] (62) /\Nc5,
Nd6}) 14. Qxd4 (14. Nxd4 $1 Bd5 (14... Qc7 15. Qd3 g6 16. Bf4 Nc6 17. Nf3 Rfd8
(17... Nc5 18. Qe3 b3 19. Bxb3 Nxb3 20. Qxb3 Rab8 21. Rfc1 Na5 22. Nxa5 Qxa5
$44 {1/2-1/2 Gleizerov,E-Blauert,J/Calcutta 2002/CBM 88/[Huzman] (37)}) 18. Qe3
Na5 19. Nxa5 Qxa5 20. Ng5 Qc5 21. Qe2 Bxg5 22. Bxg5 Rdc8 $15 {1/2-1/2 Ernst,
S-Krush,I/Bermuda 2002/CBM 88 (71)}) 15. Ne3 $1 Nxe5 16. Qh5 Ng6 (16... g6 $5)
17. Nxd5 Qxd5 18. Qxd5 exd5 19. Bb3 $44 {1-0,Dautov,R-Gurevich,D/FIDE-WCh
Moscow/2001/ (25)}) (14. Bf4 Bd5 15. Qxd4 b3 16. Bxb3 Nc6 17. Qe3 Nc5 18. Rfd1
Qb8 19. Ba2 Nb4 20. Nd6 $1 Nxa2 21. Qxc5 Qxb2 22. Bd2 $1 Rab8 23. Qa7 Bd8 $2 (
23... Bxd6 $1 24. exd6 Nc3 25. Bxc3 Qxc3 26. Qxa6 Bxf3 27. gxf3 Qxf3 $13) 24.
a5 $1 $16 {1-0 Sasikiran,K-Ganguly,S/Mumbai 2003/CBM 94/[Huzman] (52)}) 14...
b3 $5 15. Bxb3 (15. Bb1 Bd5 16. Qd3 g6 17. Bh6 Re8 18. Qxb3 Nc6 19. Qc3 Bxc4
20. Qxc4 Ncxe5 21. Nxe5 Nxe5 $11) 15... Bxf3 (15... Nc5 16. Bd1 Nc6 17. Qg4 Qd3
18. Ra3 h5 19. Qf4 $16 {1/2-1/2 Mastrovasilis,A-Moutousis,K/Athens GRE 2004/
(49)}) 16. gxf3 Nc6 17. Qe3 Qc7 (17... Qb8 $5 18. f4 Rc8 19. Rd1 (19. Bd1 Nb4
20. b3 Nc5 21. Qh3 f5 $44) 19... Bc5 20. Qh3 Nd4 21. Ba2 Qb7 22. Bb1 f5 23. Ba2
$14 {[%csl Re6]}) (17... Bc5 $5 18. Qe4 Nd4 19. Ba2 (19. Bd1 f5 $132) 19... f5
20. Qd3 Qh4 21. f4 Qh5 22. Kg2 Rab8 23. Bd2 $14) 18. f4 Bc5 (18... Rfd8 $5 19.
Bd2 Rab8 $44) 19. Qe4 Nd4 20. Bd1 Rab8 (20... Nb6 $5 21. Ne3 $1 (21. Nxb6 Qxb6
$44) (21. Na3 Rfd8 22. Be3 Nf5 $44) (21. Nd6 f5 22. Qd3 Bxd6 23. Qxd4 Bc5 24.
Qd3 Rfd8 25. Qg3 Rab8 $44) 21... f5 (21... Rad8 22. Bd2 Nf3+ 23. Bxf3 Rxd2 24.
b4 $16) 22. exf6 Rad8 23. b4 $1 Bxb4 24. Bb2 $16) 21. Bd2 $14 Qa7 (21... Nb6
$142 22. Ne3 (22. Rc1 Nd5) 22... f5 23. Qg2 $14) 22. Bc3 f5 23. Qd3 Rfd8 (23...
Nb3 24. Bxb3 Rxb3 25. Rad1 $16) 24. b4 $1 $16 Rxb4 25. Bxb4 Bxb4 26. Rb1 a5 27.
Nd6 $2 (27. Qe3 $5 $16) 27... Bxd6 28. exd6 Nf6 $14 29. Bf3 Rxd6 30. Rb7 Qc5
31. Qe3 (31. Rfb1 h6 32. Bd1 Ne4 $132) (31. Rb8+ $5 Kf7 32. Rfb1 Rd7 (32... Nd7
33. R8b7 Nxf3+ 34. Qxf3 Qc2 $14) 33. R8b7 $14) 31... Nd5 $4 (31... Rd8 $5 32.
Bg2 Qc4 33. Qa3 $1 {[%cal Ga3e7]} Nd5 34. Kh1 Qc3 $14) (31... Qc2 32. Rc1 $1
Nxf3+ 33. Kg2 Nh4+ 34. Kh3 Qxa4 35. Rc8+ Ne8 36. Qe5 Rd3+ 37. Kxh4 g5+ 38. Kxg5
$18) 32. Rb8+ Kf7 33. Rb7+ (33. Bh5+ $1 g6 34. Rb7+ $1 Ne7 (34... Ke8 35. Qe5
$18) 35. Rc1 $18) 33... Kg8 34. Rb8+ Kf7 35. Rb7+ Kg8 36. Bh5 g6 $2 (36... Qc8
37. Qe5 $1 Qxb7 38. Qxd6 Qb4 $1 (38... Qe7 39. Qxe7 Nxe7 40. Rd1 Nec6 41. Be8
$18) (38... g6 39. Qe5 Qg7 40. Rd1 Nxf4 41. Qxd4 Qxd4 42. Rxd4 Nxh5 43. Rd8+
Kg7 44. Ra8 $18) 39. Qd8+ (39. Qxb4 axb4 40. a5 (40. Rd1 Nb3 41. Be2 Na5 42.
Bf3 Nc3 43. Rd8+ Kf7 44. Ra8 Nb3 45. Rb8 Nd2 (45... Nc5 46. Rxb4 N5xa4 47. Rc4
$1 $18) 46. Kg2 Nxa4 47. Rxb4 Nc5 $14) 40... g6 41. Rd1 Nc6 42. Bf3 Nxa5 43.
Bxd5 exd5 44. Rxd5 Nc6 45. Rb5 $16) 39... Qf8 40. Qxa5 Nxf4 41. Rd1 (41. Qe5
Qb4 $44) 41... Nc6 42. Qc7 $1 Nxh5 43. Qxc6 $18) 37. Qe5 1-0

[Event "ESP-chT"]
[Site "Sanxenxo"]
[Date "2004.11.22"]
[Round "5"]
[White "Malakhov, Vladimir"]
[Black "Narciso Dublan, Marc"]
[Result "1-0"]
[WhiteElo "2664"]
[BlackElo "2487"]
[Annotator "Huzman,A"]
[PlyCount "65"]
[EventDate "2004.11.18"]
[EventType "team"]
[EventRounds "9"]
[EventCountry "ESP"]
[SourceTitle "CBM 105"]
[Source "ChessBase"]
[SourceDate "2005.04.11"]
[SourceVersion "1"]
[SourceVersionDate "2005.04.11"]
[SourceQuality "1"]

1. Nf3 d5 2. d4 Nf6 3. c4 dxc4 4. e3 e6 5. Bxc4 a6 6. O-O c5 7. dxc5 Qxd1 8.
Rxd1 Bxc5 9. Be2 Nbd7 10. Nbd2 b6 11. Nc4 (11. Nb3 Be7 12. Nfd2 (12. Nfd4 Bb7
13. f3 O-O 14. e4 Rfc8 (14... Nc5 15. Be3 Rfd8 16. Nxc5 Bxc5 17. Kf2 Rd7 18.
Nb3 Bxe3+ 19. Kxe3 $14 {1-0 Slipak,S-Lujan,M/Villa Maria 2003/CBM 94 ext (34)})
(14... Rac8 15. Be3 Rfd8 16. Rac1 Kf8 17. Kf2 Nc5 18. Nxc5 Bxc5 19. a3 a5 20.
Nb5 Rxd1 21. Rxd1 Ke7 22. Bxc5+ Rxc5 23. Nc3 $14 {1-0 Gyimesi,Z-Stevic,H/Rabac
CRO 2003/(43)}) 15. Be3 Kf8 (15... Ne5 16. Rac1 Rxc1 17. Rxc1 Bd6 18. a4 Ned7
19. g4 Rd8 20. h4 Kf8 21. Kf2 $14 {1/2-1/2 Kiese,M-Vujanovic,A/IECC 2002/
Telechess CBM 91 (85)}) 16. Nd2 $1 (16. Kf2 Ne5 17. Nd2 Rc7 18. N4b3 Rc6 19.
Rac1 Rac8 20. Rxc6 Rxc6 21. h3 Ke8 22. Bd4 Nfd7 23. Rc1 Rxc1 24. Nxc1 f6 {
1/2-1/2 Bareev,E-Rublevsky,S/Elista/1996/ (45)}) 16... Ne5 (16... Rc7 $5 17.
Nc4 Rac8 18. b3 b5 19. Na5 Ba3 $1 $13) 17. N4b3 $1 Rc6 18. Rac1 Rac8 19. Rxc6
Rxc6 20. g4 $1 $36 {1/2-1/2 Kramnik,V-Kasparov,G/London 2000/CBM 80/[Ftacnik] 
(74)}) 12... Bb7 13. Nc4 Bd5 14. Bd2 Rc8 15. Rdc1 O-O 16. f3 Bb7 17. e4 a5 18.
Be3 a4 19. Nbd2 Bc5 20. Bxc5 Rxc5 21. Nd6 $14 {1/2-1/2 Botvinnik,I-Donchenko,A/
Minsk 1993/EXT 97 (63)}) 11... Bb7 12. b3 (12. Nd4 Rc8 13. Nb3 Be7 14. Bd2 O-O
15. f3 Bd5 16. Rac1 b5 17. Nca5 Nc5 18. Nd4 Nfd7 19. e4 Ba8 20. Be3 Bf6 21. b3
Ne5 22. Nxb5 $16 {1-0 Sorokin,M-Sadvakasov,D/Dubai 2002/CBM 87 ext (49)}) 12...
Bd5 (12... O-O 13. Bb2 b5 (13... Bd5 14. Rac1 Rfc8 15. Nfe5 b5 16. Nxd7 Nxd7
17. Nd2 (17. e4 Bxe4 18. Rxd7 bxc4 19. Bxc4 Bc6 20. Rd2 Bb4 21. Rdc2 Be4 22.
Re2 Bb7 $11 {0-1 Dautov,R-Kharlov,A/Tripoli 2004/CBM 102/[Huzman] (37)}) 17...
Bb4 18. Nb1 Nb6 19. f3 Rxc1 20. Rxc1 Rc8 21. Rxc8+ Nxc8 22. Ba3 Bxa3 23. Nxa3
b4 24. Nc2 a5 25. Ba6 Nb6 26. e4 Bc6 27. Kf2 {1/2-1/2 Kramnik,V-Lautier,J/
Monte Carlo 1997/CBM 57 ext (27)}) (13... Rfd8 14. Rac1 Kf8 15. Kf1 Bd5 16.
Nce5 Nxe5 17. Nxe5 Bb7 18. g4 Nd5 19. e4 Nf6 20. f3 h6 21. h4 Rac8 22. g5 $16 {
1-0 Bareev,E-Svidler,P/Elista 1997/CBM 59 (44)}) 14. Na5 Bd5 15. Nd4 Rfc8 16.
Rac1 e5 17. Nc2 Bb6 18. Nb4 Rxc1 19. Bxc1 Rc8 20. Bd2 Be6 21. Nbc6 Kh8 22. a4
bxa4 23. bxa4 Nc5 24. Nxe5 Nxa4 25. Nac6 $11 {0-1 Kramnik,V-Anand,V/Monte
Carlo 1997/CBM 57 ext (29)} (25. Bxa6 $5)) 13. Bb2 Ke7 $6 {Almost always it is
better for Black to castle leaving the square e7 for the bishop.} (13... O-O
$142) 14. Nce5 Nxe5 15. Nxe5 Bb7 (15... Rhd8 16. Nd3 Bd6 17. f3 Bb7 18. e4 $14)
16. Nd3 Bd6 17. f3 {[%mdl 4]} Rhc8 $6 (17... Rhd8 $5 18. e4 Bc7 19. Rac1 Rac8
$14) 18. e4 Bc7 (18... Rc2 19. Bf1 Bc7 20. Bd4 {[%csl Rc2]}) 19. Rac1 $16 g6 {
/\20...Nd7} 20. Ne5 $1 {[%cal Gb2a3,Ge5c4,Gc4d6,Ga3d6]} b5 21. a4 $1 Bxe5 $2 (
21... Bb6+ $142 22. Kf1 b4 23. Nc4 Bc7 $16) 22. Bxe5 bxa4 23. bxa4 Bc6 24. Bd6+
Ke8 25. Rd4 $1 Nd7 (25... Bd7 26. Rb1 $5 (26. Rxc8+ Bxc8 27. a5 $16) 26... Rc2
27. Kf1 Bc6 28. Bd1 Rc3 29. Ke2 $18 {[%csl Rc3]}) 26. Rdc4 Bb7 27. Rc7 $18 {
[%mdl 4096]} Kd8 28. a5 Rab8 29. Bd1 Ba8 30. Ba4 Rb2 31. Rd1 Rb7 32. Rxb7 Bxb7
33. Be7+ 1-0

[Event "CRO-ch"]
[Site "Zagreb"]
[Date "2004.11.25"]
[Round "10"]
[White "Cebalo, Miso"]
[Black "Stevic, Hrvoje"]
[Result "1/2-1/2"]
[WhiteElo "2520"]
[BlackElo "2539"]
[Annotator "Huzman,A"]
[PlyCount "99"]
[EventDate "2004.11.16"]
[EventType "tourn"]
[EventRounds "11"]
[EventCountry "CRO"]
[EventCategory "10"]
[SourceTitle "CBM 105"]
[Source "ChessBase"]
[SourceDate "2005.04.11"]
[SourceVersion "1"]
[SourceVersionDate "2005.04.11"]
[SourceQuality "1"]

1. d4 d5 2. c4 dxc4 3. Nf3 Nf6 4. e3 e6 5. Bxc4 c5 6. O-O a6 7. Bb3 Nc6 8. Nc3
cxd4 9. exd4 Be7 10. Bg5 O-O 11. Qd2 b5 (11... Nd5 12. Bxe7 (12. Bxd5 Bxg5 13.
Qxg5 Qxg5 14. Nxg5 exd5 15. Nxd5 Nxd4 16. Rfd1 Nc6 17. Rac1 h6 18. Ne4 Be6 19.
Nc7 Rac8 20. Nxe6 fxe6 $14 {1/2-1/2 Mikhalevski,V-Morgado,J/Chessfriend.com
2003/Telechess CBM 101 (52)}) 12... Ncxe7 13. Rac1 b6 14. Nxd5 Nxd5 15. Bxd5
Qxd5 16. Rc7 a5 (16... Bb7 17. Rfc1 Rad8 18. Qf4 Rd7 19. h3 h6 20. Rxd7 Qxd7
21. Ne5 Qd6 22. Rc3 f6 23. Ng6 Rd8 $11 {1/2-1/2 Cheparinov,I-Husnutdinov,D/
Oropesa del Mar 2001/EXT 2002 (33)}) 17. Rfc1 Bb7 18. Qf4 Rad8 19. a3 h6 20. h3
Ba8 $11 {1/2-1/2 Sundararajan,K-Arnold,L/Budapest 2001/CBM 83 ext (26)} (20...
Ba8 21. Ra7 Rd7 22. Rxd7 Qxd7 23. Rc7 Qd5 24. Ra7 Qc6 25. Rc7 Qd5 26. Ra7 Qc6 {
1/2-1/2 Sundararajan,K-Arnold,L/Budapest HUN 2001/ (26)})) (11... Nb4 12. Ne5
h6 (12... Nfd5 13. Bxe7 Nxe7 14. Rad1 b6 15. Rfe1 {1-0 Blake,M-Castillo,G/
Chessfriend.com 2003/Telechess CBM 97 (15)}) 13. Bh4 Nbd5 14. Bxf6 Nxf6 15.
Rad1 Qc7 16. f4 Rd8 17. Qe3 b5 18. f5 Qb6 19. fxe6 Bxe6 20. Ng6 Ra7 21. Rfe1
Bxb3 22. Nxe7+ Rxe7 23. Qxe7 Bxd1 24. Rxd1 Rxd4 $19 {0-1 Colas,J-Sansas,A/
FRA-ch21 corr 1956/Corr 2000 (37)}) (11... h6 12. Bf4 (12. Bxf6 Bxf6 13. Rad1
Na5 14. Bc2 b5 15. b3 Bb7 16. Ne4 Rc8 17. Bb1 Bxe4 18. Bxe4 Nc6 19. Rfe1 Ne7
20. Bb1 Nd5 21. Qd3 g6 $15 {1/2-1/2 Gelfand,B-Shirov,A/New Delhi/Theran 2000/
CBM 81/[Hecht] (72)}) (12. Bxh6 gxh6 13. Qxh6 Re8 14. Qg5+ Kh8 15. Qh6+ Kg8 $11
(15... Nh7 16. d5 exd5 17. Bxd5 $44)) 12... Re8 13. Rad1 Bf8 (13... Nb4 14. Ne5
Nbd5 15. Bg3 Bb4 16. Qd3 Bxc3 17. bxc3 b5 18. Rfe1 Bb7 19. c4 bxc4 20. Nxc4 Re7
21. Ba4 Nb6 22. Nxb6 Qxb6 23. Be5 Ng4 24. Bc2 g6 25. Bf4 Kg7 26. h3 Nf6 27. Be5
$16 {1-0 Macek,V-Mueller,S/Saint Vincent ITA 2002/(31)}) (13... Na5 $5 14. Bc2
Nc4 15. Qc1 (15. Qe2 b5) 15... b5 16. Ne5 Bb7 $132) 14. Ne5 (14. Be5 Nxe5 15.
Nxe5 b5 16. Qf4 Qc7 17. Rc1 Qe7 18. Ne4 Nxe4 19. Qxe4 Bb7 20. Qg4 Rad8 21. Rc3
Qg5 $17 {0-1 Bluvshtein,M-Lesiege,A/Montreal CAN 2002/(56)}) 14... Ne7 15. Qd3
Ned5 16. Bc1 b5 17. Qg3 Bb7 18. Bxh6 Nxc3 19. bxc3 Ne4 20. Qg4 Nf6 21. Qg5 Qe7
22. Rd3 Ne4 23. Qg4 Nf6 24. Qg5 (24. Qh4 $1 gxh6 25. Rg3+ Kh8 26. Bc2 Bg7 27.
Bg6 $1 Rf8 28. Bxf7 $1 Be4 $1 29. Re1 Bh7 30. Bxe6 $44) 24... Ne4 25. Qg4 Nf6 {
1/2-1/2 Kramnik,V-Anand,V/Mainz GER 2001 (25)}) (11... Na5 12. Bc2 b5 13. Qf4
Ra7 (13... Bb7 14. Qh4 g6 15. d5 Bxd5 16. Ne4 Bxe4 17. Bxe4 Ra7 18. Rad1 Nd5
19. Rfe1 f6 (19... Re8 $1) 20. Bh6 Re8 $2 21. Qg4 Bf8 22. Bxg6 $18 {1-0 Pert,
N-Ganguly,S/Torquay ENG 2002/(31)}) (13... g6 14. Qh4 Re8 15. Ne5 Nh5 16. Bxe7
Qxe7 17. Qxe7 Rxe7 18. b4 Bb7 $1 19. bxa5 Rc8 $15 {1/2-1/2 Kharlov,A-Torbin,K/
Togliatti 2003/CBM 94 ext (58)}) 14. Rad1 Bb7 15. d5 $1 Bxd5 16. Nxd5 exd5 $2 (
16... Nxd5 $142) 17. Qh4 h5 18. Rfe1 Nc6 19. g4 $1 Qd6 20. gxh5 Qb4 21. h6 $40
{1-0 Kramnik,V-Anand,V/Dortmund 2001/CBM 85/(39)}) 12. Rad1 Na5 (12... Bb7 13.
d5 exd5 14. Nxd5 Nxd5 15. Bxd5 Bxg5 16. Nxg5 Qf6 17. Ne4 Qe7 18. Nd6 Nd8 19.
Bb3 $16 {1-0 Avrukh,B-Kofidis,A/Athens GRE 2003/(43). 1-0 Kramnik,V-Anand,V/
León 2002/[V.Anand] (37)}) 13. Bc2 Bb7 (13... Nc4 14. Qf4 Ra7 $5 {[%cal Ya7c7,
Yc7d7]} 15. Ne5 (15. Qh4 g6 16. Ne5 Nd5 17. Bxe7 Qxe7 18. Qxe7 Nxe7 19. Nxc4
bxc4 20. Be4 Bb7 21. f3 {1/2-1/2 Kacheishvili,G-Izoria,Z/Batumi 2002/CBM 90 
(21)}) 15... Rc7 16. Nxc4 bxc4 17. Bxf6 Bxf6 18. d5 $1 {[%csl Gd5]} e5 19. Qf3
Rb7 20. Qe4 g6 21. Qxc4 Rxb2 22. Bb3 $16 {[%csl Rb2][%cal Yc3a4] 1-0 Kramnik,
V-Anand,V/Leon 2002/CBM 90/[McShane] (37)}) 14. d5 (14. Qf4 b4 (14... g6 15.
Bh6 Nh5 16. Qg4 f5 (16... Nf6 17. Qg3 Re8 18. Ne5 Nh5 19. Qh3 Rc8 20. Rfe1 Bg5
21. Bxg5 Qxg5 22. Be4 Rc7 23. Bxb7 Nxb7 24. Ne4 Qe7 25. Qf3 $36 {1-0 Mukherjee,
A-Wise,G/ICCF Email 2001/ICCF tele 9/2002 (49)}) 17. Qh3 Rc8 18. d5 $1 $16 {
1-0 Tkachiev,V-Lesiege,A/New Delhi/Theran 2000/CBM 81/[Huzman] (39)}) (14...
Bxf3 15. Qxf3 Rc8 16. d5 exd5 17. Bxf6 Bxf6 18. Rxd5 Qb6 19. Rh5 h6 20. Nd5 $16
{1-0 Yevseev,D-Zilberman,Y/Cappelle la Grande FRA 2004/(42)}) (14... Nc4 $2 15.
d5 exd5 16. Qh4 h5 17. Rfe1 (17. Nd4 Nd6 18. Rfe1 Re8 19. Nf5 Nxf5 20. Bxf5 b4
21. Bxf6 Bxf6 22. Qxb4 $15 {0-1 San Segundo Carrillo,P-Stevic,H/Plovdiv 2003/
CBM 98/[Huzman] (29)}) 17... Nxb2 18. Ne4 dxe4 19. Rxd8 Raxd8 20. Bxe4 Bxe4 21.
Bxf6 Bxf6 22. Qxe4 Nd3 23. Re3 Nc1 {1/2-1/2 Degerman,L-Johansson,M/Helsingborg
2002/CBM 90 ext (23)}) (14... Rc8 15. Qh4 g6 16. d5 exd5 17. Rfe1 Rc4 18. Nd4
h6 19. Bxh6 Ne4 20. Qg4 Qc8 21. Qf3 Nxc3 22. Rxe7 f5 23. bxc3 Rf7 24. Rxf7 Kxf7
25. Nxf5 {1-0 Meenakshi,S-Tetenkina,I/Bled 2002/EXT 2003 (25)}) 15. d5 bxc3 16.
Qh4 h5 17. dxe6 Qc7 18. Bxf6 Bxf6 19. Qxh5 g6 20. exf7+ Rxf7 21. Qxg6+ Kf8 $13
{0-1 Epishin,V-Hort,V/Hoogeveen 2001/CBM 84 ext (39)}) 14... b4 $8 (14... Nxd5
15. Bxe7 Nxe7 16. Bxh7+ Kxh7 17. Qc2+ Kg8 18. Ng5 g6 19. Rxd8 Rfxd8 20. Qc1 $16
{1-0 Banikas,H-Panagiotopolous,A/Korinthos GRE 2004/(29)}) 15. Qd3 g6 16. d6
Bxd6 (16... Qxd6 17. Qxd6 Bxd6 18. Bxf6 bxc3 19. Rxd6 $18) 17. Qxd6 (17. Qd4
Bxf3 18. Bxf6 Be7 $17) 17... Qxd6 18. Rxd6 Ne8 19. Rb6 (19. Rd3 bxc3 20. Rxc3
Nd6 21. Ne5 $5 (21. Be7 Nb5 22. Bxf8 Nxc3 23. Bb4 Ne2+ 24. Kh1 Bxf3 25. gxf3 (
25. Bxa5 Bd5 $11) 25... Nc6 26. Be4 Rb8 $15) 21... Nb5 (21... f6 $140 22. Bxf6
Rxf6 23. b4 $14) 22. Rc5 Rfc8 23. Nd7 $14) (19. Rd7 bxc3 20. bxc3 Bc6 $11)
19... bxc3 20. Be7 cxb2 (20... Bxf3 21. gxf3 cxb2 22. Bd3 Nc7 23. Bxf8 Kxf8 24.
Rxb2 $14 {[%csl Ra5,Ra6]}) 21. Nd2 (21. Ne5 f6 22. Bxf8 Kxf8 23. Nd7+ Ke7 24.
Nc5 Bd5 25. Rxb2 Rc8 $11) 21... Nc7 22. Bxf8 Kxf8 23. Rxb2 $14 Rd8 24. Nc4 {
It will be difficult for White to win the game without knight.} ({Much better
was} 24. Bb1 $5 Nb5 25. Rc1 $14) 24... Nxc4 25. Rxb7 Nb5 (25... Nd5 26. Rfb1
Rd6 27. Bd3 Ne5 28. Bf1 $16) 26. Rd1 Nd2 $1 27. Re1 (27. a4 Nc3 28. Re1 Rd4 $14
) 27... Nd4 28. Ba4 Rc8 $1 29. Rb4 (29. Ra7 $1 Ne2+ 30. Kh1 Ne4 31. g3 N2c3 32.
Bb3 Rc6 33. Kg2 $16) 29... e5 30. f4 a5 31. Rb2 (31. Rb7 exf4 32. Rd1 Rc4 33.
Rxd2 Rxa4 $14) 31... Nc4 (31... N2f3+ $5 32. gxf3 Nxf3+ 33. Kf2 Nxe1 34. Kxe1
Rc4 $13) 32. Rf2 Nb6 33. Bd1 (33. Bb3 Nxb3 34. axb3 exf4 35. Rxf4 Rc3 36. Rf3
Rc5 $14) 33... exf4 34. Rxf4 Rd8 $1 35. g4 (35. Rf6 $5 Nd5 36. Ra6 Nc3 37. Bb3
a4 38. Bxa4 Nxa2 39. Ra7 Nc3 $14) 35... h6 36. Kf2 Rd7 37. Rf6 Nd5 38. Ra6 Nb4
39. Ra8+ Kg7 40. Ba4 Rd6 41. Rd1 Rf6+ 42. Kg2 Ne6 43. Rxa5 Nf4+ $14 44. Kh1
Nxa2 45. Rf1 Nc3 46. Bb3 g5 47. Ra7 Ne4 48. Ba2 Nc3 49. Bc4 Ncd5 50. Ba2
1/2-1/2